| 000 | 00494cam a2200193ua 4500 | ||
|---|---|---|---|
| 001 | 11589 | ||
| 008 | 191011n ii |||gr||||Z||||||eng | ||
| 020 | _a9789385756160 | ||
| 040 | _cMAIN | ||
| 082 | _a305.8 | ||
| 100 |
_a Gomo Karbak, _eAuthor. |
||
| 245 |
_aEthnic Movements in North -East India _cBy Gomo karbak |
||
| 250 | _a1st ed. | ||
| 260 |
_aMeerut: _bBalaji Publications, _c2018. |
||
| 300 | _a256p. | ||
| 653 | _aSocial groups | ||
| 653 | _aEthnicity in North-East | ||
| 942 | _cBK | ||
| 999 |
_c10408 _d10408 |
||